| 000 -LEADER |
| fixed length control field |
01870cam a2200541 i 4500 |
| 001 - CONTROL NUMBER |
| control field |
vtls000305467 |
| 003 - CONTROL NUMBER IDENTIFIER |
| control field |
NUKAT |
| 005 - DATE AND TIME OF LATEST TRANSACTION |
| control field |
20181128092450.0 |
| 008 - FIXED-LENGTH DATA ELEMENTS--GENERAL INFORMATION |
| fixed length control field |
040621s1979 pl a f f |000 0 pol c |
| 020 ## - INTERNATIONAL STANDARD BOOK NUMBER |
| International Standard Book Number |
8320401232 |
| 035 ## - SYSTEM CONTROL NUMBER |
| System control number |
zz2004988623 |
| 039 #9 - LEVEL OF BIBLIOGRAPHIC CONTROL AND CODING DETAIL [OBSOLETE] |
| Level of rules in bibliographic description |
201807111027 |
| Level of effort used to assign nonsubject heading access points |
koppw |
| Level of effort used to assign subject headings |
201601070917 |
| Level of effort used to assign classification |
vuwm |
| Level of effort used to assign subject headings |
201504101106 |
| Level of effort used to assign classification |
vpski |
| Level of effort used to assign subject headings |
201503231431 |
| Level of effort used to assign classification |
kopugd |
| 040 ## - CATALOGING SOURCE |
| Original cataloging agency |
WA U/94ANK |
| Transcribing agency |
WA U/ANK |
| Modifying agency |
WA U/ANK |
| 041 1# - LANGUAGE CODE |
| Language code of text/sound track or separate title |
pol |
| Language code of original and/or intermediate translations of text |
eng |
| 100 1# - MAIN ENTRY--PERSONAL NAME |
| Personal name |
Brinch Hansen, Per |
| Dates associated with a name |
(1938- ). |
| 240 10 - UNIFORM TITLE |
| Uniform title |
Operating system principles |
| Language of a work |
(pol.) |
| 245 10 - TITLE STATEMENT |
| Title |
Podstawy systemów operacyjnych / |
| Statement of responsibility, etc |
Per Brinch Hansen ; przeł. z ang. Tomasz Müldner. |
| 260 ## - PUBLICATION, DISTRIBUTION, ETC. (IMPRINT) |
| Place of publication, distribution, etc |
Warszawa : |
| Name of publisher, distributor, etc |
Wydawnictwa Naukowo-Techniczne, |
| Date of publication, distribution, etc |
1979. |
| 300 ## - PHYSICAL DESCRIPTION |
| Extent |
351 s. : |
| Other physical details |
il. ; |
| Dimensions |
24 cm. |
| 490 1# - SERIES STATEMENT |
| Series statement |
Seria Informatyka |
| 504 ## - BIBLIOGRAPHY, ETC. NOTE |
| Bibliography, etc |
Bibliogr. s. 336-341. |
| 521 8# - TARGET AUDIENCE NOTE |
| Target audience note |
Dla projektantów systemów operacyjnych, programistów, pracowników naukowych zajmujących się oprogramowaniem maszyn cyfrowych i studentów wydziałów informatycznych wyższych uczelni. |
| 650 ## - SUBJECT ADDED ENTRY--TOPICAL TERM |
| Topical term or geographic name as entry element |
Systemy operacyjne (informatyka) |
| Form subdivision |
podręczniki akademickie. |
| 951 ## - EQUIVALENCE OR CROSS-REFERENCE-GEOGRAPHIC NAME/AREA NAME [OBSOLETE] [CAN/MARC only] |
| Geographic name |
KIEL_008 |
| 700 1# - ADDED ENTRY--PERSONAL NAME |
| Personal name |
Muldner, Tomasz. |
| Relator term |
Tł. |
| 710 2# - ADDED ENTRY--CORPORATE NAME |
| Corporate name or jurisdiction name as entry element |
Wydawnictwa Naukowo-Techniczne. |
| Relator code |
pbl |
| 9 (RLIN) |
19 |
| 830 #0 - SERIES ADDED ENTRY--UNIFORM TITLE |
| Uniform title |
Informatyka - Wydawnictwa Naukowo-Techniczne |
| 982 ## - EQUIVALENCE OR CROSS-REFERENCE-SERIES STATEMENT--CONFERENCE OR MEETING NAME/TITLE [LOCAL, CANADA] |
| Meeting name or jurisdiction name as entry element |
BYDG_24 |
| 942 ## - ADDED ENTRY ELEMENTS (KOHA) |
| Source of classification or shelving scheme |
|
| Koha item type |
Książki |
| 956 ## - LOCAL ELECTRONIC LOCATION AND ACCESS (OCLC) |
| Host name |
KR_119 |
| 960 ## - PHYSICAL LOCATION (RLIN) |
| Physical location, PLOC (RLIN) |
GD_U |
| 980 ## - EQUIVALENCE OR CROSS-REFERENCE-SERIES STATEMENT--PERSONAL NAME/TITLE [LOCAL, CANADA] |
| Personal name |
SZCZ_U SZCZ_ZUT |
| 983 ## - EQUIVALENCE OR CROSS-REFERENCE--SERIES STATEMENT-TITLE/UNIFORM TITLE [LOCAL, CANADA] |
| Uniform title |
SZCZYT_001 |